| 000 | 00891nam a22003134i 4500 | ||
|---|---|---|---|
| 999 |
_c200425801 _d43724 |
||
| 003 | TR-AnTOB | ||
| 005 | 20190322123533.0 | ||
| 007 | t | ||
| 008 | 140618s2007 enk 000 0 eng d | ||
| 020 | _a9781846590283 (paperback) | ||
| 040 |
_aBDS _dTR-AnTOB _erda _beng _cTR-AnTOB |
||
| 041 | _aeng | ||
| 049 | _aSULB | ||
| 050 | 0 | 0 |
_aPR6056.A65 _bY68 2007 |
| 090 |
_aPR6056.A65 _bY68 2007 |
||
| 100 | 1 | _aFarhi, Moris. | |
| 245 | 1 | 0 |
_aYoung Turk / _cMoris Farhi. |
| 264 |
_aLondon : _bTelegram, _c2007. |
||
| 300 |
_a436 pages ; _c20 cm. |
||
| 336 |
_atext _2rdacontent. |
||
| 337 |
_aunmediated _2rdamedia. |
||
| 338 |
_avolume _2rdacarrier. |
||
| 504 | _aIncludes bibliographical references (page [437]). | ||
| 650 | 0 | _aEnglish fiction. | |
| 650 | 0 | _aEnglish literature. | |
| 651 | 0 |
_aTurkey _xSocial life and customs _vFiction. |
|
| 942 |
_2lcc _cBK |
||